000 01935cam0a2200469 4500
001 13946
003 http://www.sudoc.fr/285873636
005 20251009125137.0
010 _a9782330205720
_d10 EUR
033 _ahttp://catalogue.bnf.fr/ark:/12148/cb485044831
035 _a288963210
035 _a(OCoLC)1527222220
035 _aFRBNF485044830000005
_zFRBNF48504483
073 0 _a9782330205720
090 _a13946
099 _o0
100 _a20250702d2025 m y0frey50 ba
101 0 _afre
102 _aFR
105 _ay z 00|a|
181 _6z01
_ctxt
_2rdacontent
181 1 _6z01
_ai#
_bxxxe##
182 _6z01
_cn
_2rdamedia
182 1 _6z01
_an
183 1 _6z01
_anga
_2RDAfrCarrier
200 1 _aCouper Cabèche
_bLIVR
214 0 _cActes Sud-Papiers
_dDL 2025
214 3 _cImpr. Corlet
214 0 _aArles
214 3 _a14-Condé-sur-Noireau
215 _a1 vol. (49 p.)
215 _d19 cm
225 1 _aAu singulier
225 1 _x2743-6608
323 _a1
330 _aJoël Jouanneau explore la relation complexe entre un auteur et son éditeur et critique, en creux, les dérives du système éditorial. Tandis qu un éditeur encourage un auteur à écrire, il devient aussi son principal obstacle : incompréhensions, corrections erronées, rejet insidieux de son Suvre. Cette tension met en lumière les paradoxes d une relation fondée sur la confiance mais marquée par la domination. À la manière d un Claude Simon, Joël Jouanneau fait fonctionner Couper cabèche comme un éternel retour à la vision fulgurante qui frappe l auteur et lui révèle l essence de la vérité humaine.
410 _tAu singulier (Arles)
_d2025
686 _a803
_2Cadre de classement de la Bibliographie nationale française
700 1 _aJouanneau
_bJoël
_f1946-....
700 1 _3029619939
_4070
801 3 _aFR
_bAbes
_c20250906
_gAFNOR
_h288963210
801 0 _aFR
_bFR-751131015
_c20250509
_gAFNOR